| 000 | 01005nam a22002657a 4500 | ||
|---|---|---|---|
| 005 | 20160416020003.0 | ||
| 008 | 151210t2014 ck ||||fr|||| 00| 0 spa d | ||
| 020 | _a9789588777771 | ||
| 040 |
_aCO-BoIAVH _cCO-BoIAVH |
||
| 041 | 0 | _aspa | |
| 044 | _ack | ||
| 082 | 0 | 4 |
_a553.79072 _bG56a |
| 100 | 1 | _aGómez Isidro, Sully | |
| 245 | 1 | 0 |
_aAguas subterráneas en zonas de montaña y trazadores ambientales / _cSully Gómez Isidro |
| 250 | _a1a. Edición | ||
| 260 |
_aBucaramanga (Colombia) : _bUniversidad Industrial de Santander, _c2014. |
||
| 300 |
_aix, 161 páginas : _bgráficas, ilustraciones a color ; _c24 x 16 cm. |
||
| 500 | _aIncluye listas de figuras, tablas y anexos. | ||
| 504 | _aIncluye referencias bibliográficas (páginas 151-161). | ||
| 650 | 6 |
_aAguas subterráneas _xInvestigaciones |
|
| 650 | 6 |
_aAguas subterráneas _xFlujos |
|
| 650 | 6 |
_aSuelos _xAspectos ambientales |
|
| 650 | 6 |
_aHidrogeología _xInvestigaciones |
|
| 942 |
_2ddc _cLIBRO _01 |
||
| 999 |
_c17899 _d17899 |
||